|
|
|
|
| LEADER |
00000nam a2200000 a 4500 |
| 001 |
vtls010647971 |
| 003 |
SK-MaSNL |
| 005 |
20260302052605.0 |
| 007 |
co cg auuua |
| 008 |
240314s2014 xo | gs 000 0 slo |
| 015 |
|
|
|a SNBS2015
|
| 020 |
|
|
|a 9788097182663
|q (elektronická kniha)
|
| 040 |
|
|
|a SNK
|b slo
|c SNK
|e AACR2
|
| 041 |
0 |
|
|a slo
|
| 044 |
|
|
|a xo
|c SK
|
| 072 |
|
7 |
|a 641
|x Kuchárstvo. Potraviny. Varené jedlá
|2 konspekt
|
| 080 |
|
|
|a 641.55
|2 2001
|
| 080 |
|
|
|a (083.12)
|2 2001
|
| 080 |
|
|
|a (0.034.44)
|2 2001
|
| 100 |
1 |
|
|a Hajas, Miroslav
|4 aut
|9 709610
|
| 245 |
1 |
0 |
|a Dobré z hrnca čo si ujo Miro "doma" navaril
|h elektronický zdroj
|c Miroslav Hajas
|
| 260 |
|
|
|a Bratislava
|b Miroslav Hajas
|c 2014
|
| 300 |
|
|
|a 1 elektronický optický disk (CD-ROM)
|b fareb.
|c 12 cm
|
| 500 |
|
|
|a Názov z titulnej obrazovky
|
| 516 |
|
|
|a Textový dokument (kuchárske recepty), súbory vo formáte pdf
|
| 538 |
|
|
|a Technické požiadavky: PDF prehliadač
|
| 650 |
0 |
7 |
|a príprava jedál
|2 SNKPH
|9 57003
|
| 650 |
0 |
7 |
|a Meals preparation
|2 SNKPHeng
|9 304684
|
| 655 |
|
7 |
|a elektronické zdroje
|2 SNKPH
|9 90954
|
| 655 |
|
7 |
|a CD-ROM
|2 SNKPH
|9 70236
|
| 655 |
|
7 |
|a kuchárske recepty
|2 SNKPH
|9 70493
|
| 655 |
|
7 |
|a Cookbooks
|2 SNKPHeng
|9 270340
|
| 655 |
|
7 |
|a Electronic resources
|2 SNKPHeng
|9 175546
|
| 919 |
|
|
|a 978-80-971826-6-3
|
| 999 |
|
|
|c 1105831
|d 1107761
|
| 952 |
|
|
|a SNK
|b SNK
|y PREZ
|7 0
|p 17A1134955
|o snkSCDM 7034
|i snk2015/1586
|8 0
|0 0
|1 0
|4 0
|d 2015-01-20
|l 0
|r 2026-02-24 17:44:49
|w 2026-02-24
|